| 000 | 02112 a2200265 4500 | ||
|---|---|---|---|
| 999 |
_c10725 _d10725 |
||
| 020 | _a9781529723076 | ||
| 050 |
_aR726.7 _b.MAR 2021 |
||
| 100 |
_a Marks, David _eauthor |
||
| 245 |
_aHealth psychology : _b theory, research, and practice / _cDavid Marks, M. Murray , Emee Vida Estacio |
||
| 250 | _aSixth edition | ||
| 264 |
_a London: _bSAGE, _c2021 |
||
| 300 | _a xv, 678 pages : illustrations (black and white, and colour) ; 27 x 20 cm | ||
| 336 |
_1text _atxt _brdacontent |
||
| 337 |
_1unmediated _an _brdamedia |
||
| 338 |
_1volume _anc _brdacarrier |
||
| 500 | _aPrevious edition: 2018 | ||
| 504 | _alncludes index | ||
| 505 | _aPart 1. Health psychology in the context of biology, society and methodology Health psychology: an introduction The nervous, endocrine and immune systems and the principle of homeostasis Genetics, epigenetics and early life development Macro-social influences Social justice Culture and health An A-Z of research methods and issues relevant to health psychology Part 2. Theories, models and interventions for health behaviour change Theories, models and interventions for health behaviour change Sexual health Food, eating and obesity Alcohol and drinking Tobacco and smoking Physical activity and exercise Part 3. Health promotion and disease prevention Information, communication and health literacy Screening and immunization Health promotion Stress and disease prevention Part 4. Illness experience and health care Illness and personality Pain and pain control Cancer Coronary heart disease HIV infection and AIDS: the pinnacle of stigma and victim blaming Long-term conditions: diabetes and ME/CFS End-of-life care, dying and death | ||
| 520 | _aIn this book [the authors] take a holistic approach to health psychology, giving equal weight to the biological, psychological and social factors that impact health behaviour, culture and change | ||
| 650 | _aHealth and Wellbeing | ||
| 650 |
_aClinical health psychology _xCase studies |
||
| 700 | _aMurray, Michael | ||
| 700 | _aEstacio, Emma Vida | ||
| 942 |
_2lcc _cBK _h726.7 _iMAR _kR |
||